| 000 | 00440nam a22001217a 4500 | ||
|---|---|---|---|
| 005 | 20250703111814.0 | ||
| 008 | 250703b |||||||| |||| 00| 0 eng d | ||
| 050 |
_aHF5500 _b.Z34 ZAL |
||
| 245 |
_aPower and the Corporate Mind _bWhat makes people tick, organisations run and executives manage _cAbraham Zaleznik & Manfred F. R. Kets De Vries |
||
| 260 |
_aBoston _bHoughton Mifflin Company _c1975 |
||
| 500 | _aIncludes Index | ||
| 942 |
_2lcc _cBK _n0 |
||
| 999 |
_c6825 _d6825 |
||